000 ncm a22 a 4500
999 _c361793
_d361793
003 BLK
005 20200512172323.0
008 200512b bu ||||| |||| 00| 0 bu d
040 _aBLK
041 _aBUL
_cBUL
080 _aМасови песни. Песни на отделни обществени групи
_b784.66
_z784.66
139 _aФизкултурни песни и маршове
_bФ 47
245 _aФизкултурни песни и маршове
_bСб. хорови песни
260 _9209548
_aСофия
_bНаука и изкуство
_c1961
_n978-954-02-
300 _a60 с.
_c30 см
380 _a7
500 _aИзд. на ЦС на БСФС. Отдел Пропаганда и агитация
650 7 _9166108
_aПесни
653 0 _9403964
_aпесни за физкултурни упражнение
653 7 _9190589
_aмаршове
852 _aЦб М ІІ 1765
_bЦб
942 _2udc
_cNOT
_n0
_s1
944 _aCR
_c2020-05-12
_kГГГ